000 01113nam0a22002891 4500
001 rc\3004364
005 20250806200745.0
035 _a(NLR Aleph) 007147318
090 _a2693
_c2693
100 _a20110920d1945 u y0rusy50 ca
101 0 _arus
102 _aRU
105 _ay z |||||
200 1 _aО государственном плане развития животноводства в колхозах и совхозах на 1945 год
_eПостановл. СНК СССР и ЦК ВКП(б)
210 _aСыктывкар
_cКоми гос. изд-во
_d1945
_gресп. тип.
215 _a26 с.
_d20 см
225 1 _aВ Совнаркоме СССР и ЦК ВКП(б)
300 _aБез обл.
710 0 1 _aСССР
_bСовет Народных Комиссаров
_3RU\NLR\AUTH\8810020782
712 0 2 _aВКП(б)
_bЦК
_3RU\NLR\AUTH\8810033047
_4570
801 0 _aRU
_bNLR
_gpsbo
801 1 _aRU
_bELAR
_2rusmarc
852 _aNLR
_jЭк50 Г-4/337
942 _cBOOK
945 _aРоссийская национальная библиотека
980 _aNB
980 _aBV